| 000 | 00751 a2200229 4500 | ||
|---|---|---|---|
| 003 | UA-OsUOA | ||
| 005 | 20260508153438.0 | ||
| 008 | 260508b un ||||| |||| 00| 0 ukr d | ||
| 040 |
_aUA-OsUOA _beng _cUA-OsUOA _dUA-OsUOA |
||
| 041 | _aeng | ||
| 080 | _a11(082) | ||
| 090 |
_a11(082) _bL51 |
||
| 100 |
_aLeibniz G. W. _925204 |
||
| 245 | _aDiscourse on Metaphysics Correspondence with Arnauld and Monadology | ||
| 260 |
_bThe Open Court Publishing Company _c1968 _aLa Salle |
||
| 300 | _a272 p. | ||
| 490 | _aThe Open Court Library of Philosophy | ||
| 650 |
_2UDC _a11 Метафізика _925205 |
||
| 942 |
_cBK _2udc |
||
| 955 | _a4 | ||
| 999 |
_c580682 _d580682 |
||